000
00310nam a2200133Ia 4500
100
_a
Mukhis / Vijay
942
_c
BK
654
_a
'C' Odyssey unix
245
_a
''''C'''' Odyssey unix the open Boundless
260
_b
B.P.B. Pub
_a
New Delhi
_c
1992
082
_a
005.13 'w'
546
_a
ENGLISH
999
_c
34099
_d
34099